Samba-Perlen
| Main Author: | Hein, Eric |
|---|---|
| Language: | No linguistic content |
| Published: |
Hamburg : Peer, 1958 |
| Series: |
Peer-Potpourris
|
| Physical Description: |
11 hlasů |
| LEADER | 00767ncm a22002412a 4500 | ||
|---|---|---|---|
| 001 | 001101571 | ||
| 003 | CZ BrMZK | ||
| 005 | 20220908141504.0 | ||
| 007 | qu | ||
| 008 | 050314s1958 gw |||||r|||||||| zxx d | ||
| 040 | |a BOA001 |b cze | ||
| 072 | 7 | |a 785 |x Instrumentální hudba. Symfonická hudba. Hudba pro více nástrojů |2 Konspekt |9 9 | |
| 100 | 1 | |a Hein, Eric |7 mzk2011632275 |4 arr | |
| 245 | 1 | 0 | |a Samba-Perlen |h [hudebnina] / |c Bearb. Eric Hein |
| 260 | |a Hamburg : |b Peer, |c 1958 | ||
| 300 | |a 11 hlasů | ||
| 490 | 1 | |a Peer-Potpourris ; |v 2 | |
| 500 | |a Taneční orchestr | ||
| 830 | 0 | |a Peer-Potpourris | |
| 910 | |a BOA001 |b Mus3-0699.590 | ||
| 990 | |a MU | ||
| 991 | |b 201006 | ||
| 996 | 6 | |b 2619456319 |c Mus3-0699.590 |l MZK |r Sklad / do 1 hodiny |n 0 |w 001128159 |u 000010 |a 1 |e BOA001 |j MZK50 |s P | |
English
Čeština 